Estadísticas para Países del A-Z por Vecino

Haz click aquí para tomar la prueba!

Estadísticas generales

  • Esta prueba ha sido tomada 7.476 veces
  • La puntuación promedio es 20 de 23

Estadísticas de respuestas

LetraVecinoPaís% Correcto
BPaíses BajosBélgica
98%
DAlemaniaDinamarca
96%
OArabia SauditaOmán
94%
NCosta RicaNicaragua
93%
CBoliviaChile
92%
EHondurasEl Salvador
92%
JIrakJordania
92%
UBrasilUruguay
92%
GSurinamGuyana
91%
PLituaniaPolonia
91%
YOmánYemen
90%
FRusiaFinlandia
89%
HUcraniaHungría
89%
ANamibiaAngola
88%
LChinaLaos
86%
RTanzaniaRuanda
86%
VCamboyaVietnam
86%
IEsloveniaItalia
82%
KTayikistánKirguistán
82%
ZSudáfricaZimbabue
81%
MBruneiMalasia
74%
TBurkina FasoTogo
72%
SUgandaSudán del Sur
61%

Distribución de puntuación

Porcentaje por número respondido

Porcentaje de gente con cada puntuación

Historial de tus puntuaciones

No has tomado esta prueba